000 00341nam a2200121Ia 4500
008 220216s9999 xx 000 0 und d
100 _aMandal S et al.
245 0 _aBiochar:an innovative soil ameliorant for climate change mitigation in NE India
260 _bCurrent Science
_c2013
300 _a568-569
650 _aBiochar
942 _cBS
999 _c51595
_d51595